Eric Claptons ~ Wonderful Tonight - Statistics

General Stats
  • This quiz has been taken 53 times
  • The average score is 127 of 152
Answer Stats
Answer % Correct
I
100%
to
100%
Tonight
100%
wonder
100%
Wonderful
100%
wonderful
100%
you
100%
a
97%
look
97%
say
97%
an
94%
And
94%
and
94%
in
89%
me
89%
the
89%
Darling
86%
evening
86%
feel
86%
go
86%
it
86%
It's
86%
We
86%
do
83%
Do
83%
her
83%
late
83%
She
83%
she
83%
wear
83%
Yes
83%
Yes,
83%
your
83%
alright?
80%
are
80%
As
80%
eyes
80%
hair
80%
light
80%
love
80%
my
80%
of
80%
see
80%
tell
80%
that
80%
then
80%
all
77%
asks
77%
how
77%
Is
77%
much
77%
Oh
77%
on
77%
This
77%
beautiful
74%
lady
74%
make-up
74%
out
74%
party
74%
turn
74%
what
74%
home
71%
just
71%
now
71%
puts
71%
time
71%
with
71%
car
69%
clothes
69%
don't
69%
everyone
69%
long
69%
turns
69%
wondering
69%
Because
66%
blonde
66%
brushes
66%
give
66%
She's
66%
So
66%
around
63%
bed
63%
head
63%
keys
63%
realize
63%
got
60%
That's
60%
I've
57%
walking
54%
aching
51%
helps
37%
No matching quizzes found
Score Distribution
Percent of People with Each Score
Percentile by Number Answered
Your Score History
You have not taken this quiz